000 00549nam a22001697a 4500
005 20250423093809.0
008 250423b |||||||| |||| 00| 0 eng d
020 _a9780702083082
040 _cPK-LaUMT
082 _a617.55
_bEVI-
245 _aEvidence-based physical therapy for the pelvic floor :
_bbridging science and clinical practice /
_cedited by Kari Bo, Bary Berghmans, Siv Morkved and Marijke van Kampen
250 _a3rd ed.
260 _aIndia :
_bElsevier,
_c2024
300 _a753 p.
650 _aPelvic floor
_95383
942 _cBK
999 _c137348
_d137348